Towns in north-west England (with clues) - Statistics

General Stats
  • This quiz has been taken 82 times
  • The average score is 16 of 30
Answer Stats
Hint Answer % Correct
Seaside town famous for trams and "Pleasure Beach" amusement park Blackpool
96%
Largest city in Merseyside, famous for The Beatles Liverpool
85%
One of England's largest settlements, famous for "City" and "United" football teams Manchester
78%
District in Merseyside, whose football team is based at Goodison Park Everton
75%
Walled Roman city, whose name occurs at the end of the name of another city on this quiz Chester
70%
Town near Scottish border, built by Romans to serve forts on Hadrian's Wall Carlisle
69%
Large town on the Wirral Peninsula; home of Cammell Laird shipyard Birkenhead
64%
Railway town in southern Cheshire; name sounds like "people in charge of a vehicle" Crewe
64%
Port in Cheshire, shares its name with a large Canadian island Ellesmere Port
63%
Town which shares its name with the alter-ego of Dr Jekyll Hyde
63%
Lancashire seaside town, shares its name with Ernie Wise's comedy partner Morecambe
63%
Market town in Cumbria, famous for mint cake Kendal
61%
Contrary to what its name would suggest, this is the northernmost major town in Merseyside Southport
58%
County town which shares its name with a World War II bomber Lancaster
57%
Town in Merseyside; shares its name with "White Christmas" singer Crosby
55%
Town famous for round cakes filled with currants Eccles
55%
Inland town whose 'pier' isn't actually a pier Wigan
55%
Seaside resort; 'New' version of more famous resort in south-east England New Brighton
52%
Village known for its nearby safari park Knowsley
48%
Merseyside town; shares its name with a volcano that erupted in 1980 St Helens
46%
Former mill town, which shares its name with a recent US National Security Advisor Bolton
45%
Largest town in Cheshire by population Warrington
40%
Despite its name, this town in Cumbria has suffered high unemployment in recent years Workington
39%
Another former mill town; Nikita Khrushchev said "We will ____ you" Bury
34%
Lancashire town, shares its name with a Wallace and Gromit villain Preston
28%
Town whose shops have lots of special offers? Sale
27%
Home to Tudor manor house; name sounds like a synonym of 'talk' Speke
27%
Shares its name with the actress who played Scarlett O'Hara in "Gone with the Wind" Leigh
22%
This suburban borough is not on the 'wild side' of its city Tameside
10%
One of the westernmost towns in Merseyside; shares part of its name with a pink Nintendo character West Kirby
10%
No matching quizzes found
Score Distribution
Percent of People with Each Score
Percentile by Number Answered
Your Score History
You have not taken this quiz